| 000 | 00618nam a2200205Ia 4500 | ||
|---|---|---|---|
| 005 | 20260429112228.0 | ||
| 008 | 260429s9999||||xx |||||||||||||| ||und|| | ||
| 020 | _a9789332578463 | ||
| 041 | _aEnglish | ||
| 082 |
_a302.231 _bGAN |
||
| 100 | _aGanis, Matthew | ||
| 245 | 0 |
_aSocial media analytics : _btechniques and insights for extracting business value out of social media / _cMatthew Ganis |
|
| 260 |
_aIndia : _bPearson, _c2017. |
||
| 300 | _axxxi, 268 p.; pbk | ||
| 650 | _a Communication media | ||
| 650 | _a Social media | ||
| 650 | _aSocial interaction | ||
| 700 | _a Kohirkar, Avinash | ||
| 942 | _cTB | ||
| 999 |
_c53003 _d53003 |
||